Biometric vaccination record management system (Record no. 13281)
[ view plain ]
| 000 -LEADER | |
|---|---|
| fixed length control field | 00536nam a22001817a 4500 |
| 003 - CONTROL NUMBER IDENTIFIER | |
| control field | NUST |
| 038 ## - RECORD CONTENT LICENSOR | |
| Staff Name | a |
| 082 ## - DEWEY DECIMAL CLASSIFICATION NUMBER | |
| Classification number | BESE-2 |
| 100 ## - MAIN ENTRY--PERSONAL NAME | |
| Personal name | Faizan Khan |
| 9 (RLIN) | 92683 |
| 245 ## - TITLE STATEMENT | |
| Title | Biometric vaccination record management system |
| 260 ## - PUBLICATION, DISTRIBUTION, ETC. | |
| Place of publication, distribution, etc. | Islamabad |
| Name of publisher, distributor, etc. | NUST-SEECS |
| Date of publication, distribution, etc. | 2015 |
| 300 ## - PHYSICAL DESCRIPTION | |
| Extent | 67 |
| Accompanying material | CD Include |
| 500 ## - GENERAL NOTE | |
| General note | Supervisors: Dr. Muhammad Murtaza Khan, Dr. Awais Kamboh, Muhammad Qaisar Choudhary |
| 563 ## - BINDING INFORMATION | |
| Binding note | HB |
| 700 ## - ADDED ENTRY--PERSONAL NAME | |
| Personal name | Mariam Farrukh |
| 9 (RLIN) | 92684 |
| 856 ## - ELECTRONIC LOCATION AND ACCESS | |
| Uniform Resource Identifier | <a href="http://10.250.8.41:8080/xmlui/handle/123456789/7979">http://10.250.8.41:8080/xmlui/handle/123456789/7979</a> |
| 942 ## - ADDED ENTRY ELEMENTS (KOHA) | |
| Koha item type | Thesis |
| Source of classification or shelving scheme | |
| Withdrawn status | Lost status | Source of classification or shelving scheme | Damaged status | Not for loan | Permanent Location | Current Location | Shelving location | Date acquired | Total Checkouts | Full call number | Barcode | Date last seen | Date last checked out | Price effective from | Koha item type |
|---|---|---|---|---|---|---|---|---|---|---|---|---|---|---|---|
| WITHDRAWN | Central Library (CL) | Central Library (CL) | General Stacks | 07/13/2015 | 2 | BESE-2 FAI | SEECSP01674 | 05/10/2016 | 04/27/2016 | 07/11/2015 | Project Report | ||||
| WITHDRAWN | Central Library (CL) | Central Library (CL) | Thesis | 10/26/2020 | 004 | CL-BP-620 | 10/26/2020 | 10/26/2020 | Project Report |
